| 000 | 01027nas a2200277 4500 | ||
|---|---|---|---|
| 001 | BR8201327 | ||
| 003 | BR-BrBNA | ||
| 005 | 20231205085055.0 | ||
| 007 | ta | ||
| 008 | 230509b bl.|||p| |||| 00| 00por d | ||
| 040 |
_aBR-BrBNA _bpor _cBiblioteca Nacional de Agricultura |
||
| 041 | _a(En) | ||
| 072 | _aH20 | ||
| 100 | 1 | _aValarini, P.J. | |
| 100 | 1 | _aTokesh, H. | |
| 245 | 1 | _aEvaluation of ratoon stunting disease resistance by water flow of sugarcane stalks [Cana de acucar; Saccharum officinarum; Raquitismo da soqueira; Colmo; Balanco hidrico] | |
| 246 | 1 | _aEvaluation of ratoon stunting disease resistance by water flow of sugarcane stalks [Saccharum officinarum; Hydric balance] | |
| 650 | _aDoenca de planta | ||
| 650 | _aCana de acucar | ||
| 650 | _aRaquitismo das soqueiras | ||
| 650 | _aColmo | ||
| 650 | _aBalanco hidrico | ||
| 773 | 0 |
_tSumma Phytopathologica (Brazil) _xISSN 0100-5405 _g(Jul 1981), v. 7(3-4) p. 45-50 _wBR8201327 |
|
| 909 |
_a202311 _bLúcia _c55 _dLúcia Elande |
||
| 942 |
_2AGRIS _n0 _cANA |
||
| 999 |
_c109046 _d109046 |
||